Komplexný outsourcing IT: benefity prevyšujú riziká

Benefity a riziká outsourcingu IT služieb. Hlavné výhody komplexného outsourcingu IT pre zákazníka. Zdieľanie rizík so spoľahlivým partnerom je jedným z benefitov outsourcingu.

Saved in:
Bibliographic Details
Format: Book Chapter
Language:Slovak
Subjects:
Tags: Add Tag
No Tags, Be the first to tag this record!

MARC

LEADER 00000naa a2200000 4500
001 0157395
005 20231011123048.4
041 0 |a slo 
044 |a SK 
245 1 0 |a Komplexný outsourcing IT: benefity prevyšujú riziká 
520 |a Benefity a riziká outsourcingu IT služieb. Hlavné výhody komplexného outsourcingu IT pre zákazníka. Zdieľanie rizík so spoľahlivým partnerom je jedným z benefitov outsourcingu. 
610 2 0 |a outsourcing 
610 2 0 |a benefity 
610 2 0 |a technológie informačné 
610 2 0 |a inovácia 
610 2 0 |a pokrok technologický